|
|
|
|
| LEADER |
00763nam a2200265 4500 |
| 001 |
DLU120131261 |
| 005 |
##20120215 |
| 040 |
# |
# |
|a DLU
|b vie
|
| 041 |
# |
# |
|a vie
|
| 044 |
# |
# |
|a vn
|
| 245 |
# |
# |
|a Họp các viện Asean - ISIS /
|c Xinh-ga-po, 5 - 6/8/2009.
|
| 653 |
# |
# |
|a Hợp tác kinh tế
|
| 653 |
# |
# |
|a Quan hệ quốc tế
|
| 653 |
# |
# |
|a Thương mại tự do
|
| 700 |
# |
# |
|a Xinh-ga-po, 5 - 6/8/2009.
|
| 773 |
# |
# |
|t Nghiên cứu Quốc tế
|g Số 3(78), 2009, tr. 202-204
|
| 920 |
# |
# |
|a Phòng Tạp chí -- Trung tâm Thông tin - Thư viện Trường Đại học Đà Lạt
|
| 994 |
# |
# |
|a DLU
|
| 900 |
# |
# |
|a True
|
| 911 |
# |
# |
|a Nguyễn Thị Linh Chi
|
| 925 |
# |
# |
|a G
|
| 926 |
# |
# |
|a A
|
| 927 |
# |
# |
|a BB
|
| 980 |
# |
# |
|a Thư viện Trường Đại học Đà Lạt
|